Visualizzazione normale
Vista MARC
- Lefebvre Solange, Ross Susan (a cura di)
di Personal Name
Records bibliografici associati: 1
001 - CONTROL NUMBER
- control field: 60903
003 - CONTROL NUMBER IDENTIFIER
- control field:
005 - DATE AND TIME OF LATEST TRANSACTION
- control field: 20240717152040.0
008 - FIXED-LENGTH DATA ELEMENTS
- fixed length control field: 240717|| aca||aabn | a|a d
040 ## - CATALOGING SOURCE
- Original cataloging agency:
- Transcribing agency:
100 ## - HEADING--PERSONAL NAME
- Personal name: Lefebvre Solange, Ross Susan (a cura di)
670 ## - SOURCE DATA FOUND
- Source citation: Work cat.: ()242694: Lefebvre Solange, Ross Susan (a cura di), Le età della vita e l'esperienza cristiana, 2007